| 000 | 00849nam a22002537a 4500 | ||
|---|---|---|---|
| 001 | 6820 | ||
| 003 | FISKH | ||
| 005 | 20250529140504.0 | ||
| 008 | 250529b cb ||||| |||| 00| 0 eng d | ||
| 020 | _a9780812014136 | ||
| 040 |
_aFISKH _beng _cFISKH _dFISKH |
||
| 050 | _aPE1128 .S5 | ||
| 082 | _a428.0076 | ||
| 100 | _aSharpe, Pamela J. | ||
| 245 |
_aTOEFL : _bHow to prepare for the test of English as a foreign language / _cBy Pamela J. Sharpe |
||
| 250 | _aSeventh edition | ||
| 260 |
_aNew York : _bBarron's Educational Series , Inc , _c1994. |
||
| 300 |
_a644 pages : _billustrations ; _c20 cm . |
||
| 520 | _aReviews the material covered in each section of the TOEFL, and provides eight full-length model tests. | ||
| 650 |
_aStudy guide _vNon-fiction |
||
| 650 |
_aEducation _vNon-fiction |
||
| 942 |
_2ddc _cBK _n0 |
||
| 999 |
_c6820 _d6820 |
||